Normal view
MARC view
- Nagrath, I. J, Kothari, D. P
Entry Personal Name
001 - CONTROL NUMBER
- control field: 67316
003 - CONTROL NUMBER IDENTIFIER
- control field: NUST
005 - DATE AND TIME OF LATEST TRANSACTION
- control field: 20210628203804.0
008 - FIXED-LENGTH DATA ELEMENTS
- fixed length control field: 210628|| aca||aabn | a|a d
040 ## - CATALOGING SOURCE
- Original cataloging agency: NUST
- Transcribing agency: NUST
100 ## - HEADING--PERSONAL NAME
- Personal name: Nagrath, I. J, Kothari, D. P
670 ## - SOURCE DATA FOUND
- Source citation: Work cat.: (NUST): Nagrath, I. J, Kothari, D. P, Theory and problems of electric machines, 1992
